Quiz o Fundacji SCP - Dedycja dla Tetera. - Statystyki

Ogólne statystyki
  • Ten quiz został rozwiązany 114 razy
  • Średni wynik to 3 z 10
Statystyki odpowiedzi
Hint Odpowiedź % Poprawnych
Człon Fundacji skupiający ze sobą najważniejszych Nadzorców organizacji. Rada O5
77%
Pierwszy napisany SCP w historii. SCP-173
68%
Wersja SCP-001 napisana przez Duckmana, która opowiada o jej dość drastycznych początkach. Fabryka
46%
Nie możesz nazwać tego SCP dwa razy tak samo. SCP-4000
32%
Jeżeli usłyszysz sztucznie brzmiący, znany Ci głos, z pewnością jest to... SCP-939
32%
Najzabawniejszy polski kanon Fundacji SCP. Piekło Cyców
12%
Do jakiego numeru uzupełniana jest lista SCP-PL? 399
10%
W jednym z opowiadań, podczas ucieczki od jednej z wersji SCP-001, ocaleńcy z UnLondon udali się do... UnDublin
9%
Podejrzewany o manipulację rzeczywistością były działacz Globalnej Koalicji Okultystycznej teraz pracujący jako badacz w Fundacji SCP. Alto Clef
7%
W którym raporcie dr. Raymond Hamm doznał nagłej śmierci w 2017 roku? SCP-049
7%
Nie znaleziono quizów pasujących do podanych kryteriów
Rozkład punktacji
Procent ludzi z każdym wynikiem
Percentyl według liczby udzielonych odpowiedzi
Twoja historia wyników
Nie rozwiązałeś tego quizu